| 000 | 00510nam a2200181Ia 4500 | ||
|---|---|---|---|
| 003 | OSt | ||
| 005 | 20250408153207.0 | ||
| 008 | 211109s9999||||xx |||||||||||||| ||und|| | ||
| 040 | _cSBCL | ||
| 082 |
_a894.8122 _bSHA-P |
||
| 100 | _aShanmukhadas, M | ||
| 245 | 0 | _aPadinjaran Sahitya Charchakal | |
| 260 |
_bNational Book Stall _aKottayam _c1973 |
||
| 300 | _a143p. | ||
| 630 | _xGENERAL STACK | ||
| 650 |
_aLiterature _vLiteratures of other languages _2Altaic, Uralic, Hyperborean & Dravidian |
||
| 942 | _cBOOK | ||
| 999 |
_c61009 _d61009 |
||